| 000 -LEADER |
| fixed length control field |
00830nam a22001337a 4500 |
| 040 ## - CATALOGING SOURCE |
| Transcribing agency |
RUA |
| 082 ## - DEWEY DECIMAL CLASSIFICATION NUMBER |
| Classification number |
AED CHO 2018 B650 Or.1 |
| 100 ## - MAIN ENTRY--AUTHOR NAME |
| Personal name |
CHOR SIEKLEANG ជ សៀកលាង |
| 245 ## - TITLE STATEMENT |
| Title |
the study on impact of payment for enveriomental services on human migartion in northen plain landscape protect area of preah vihear province ការសិក្សារពីផលប៉ះពាល់នៃការទួទាត់សេវាកម្មបរិស្តានទៅលើធ្វើចំណាកស្រុករបស់ប្រជាជនដែលរស់នៅក្នុងតំបន់ការពារទេសភាពខាងជើងខេត្តព្រះវិហា |
| 260 ## - PUBLICATION, DISTRIBUTION, ETC. (IMPRINT) |
| Place of publication |
RUA |
| Name of publisher |
Phnom penh |
| Year of publication |
2018 |
| 300 ## - PHYSICAL DESCRIPTION |
| Number of Pages |
xi;47p |
| Other physical details |
ill; |
| Dimensions |
29cm |
| 856 ## - ELECTRONIC LOCATION AND ACCESS |
| Uniform Resource Identifier |
CHOR SIEKLEANG |
| 942 ## - ADDED ENTRY ELEMENTS (KOHA) |
| Koha item type |
AED |
| 952 ## - LOCATION AND ITEM INFORMATION (KOHA) |
| Withdrawn status [LOCAL, KOHA] |
0 |
| 952 ## - LOCATION AND ITEM INFORMATION (KOHA) |
| Withdrawn status [LOCAL, KOHA] |
0 |
| 952 ## - LOCATION AND ITEM INFORMATION (KOHA) |
| Withdrawn status [LOCAL, KOHA] |
0 |
| 952 ## - LOCATION AND ITEM INFORMATION (KOHA) |
| Withdrawn status [LOCAL, KOHA] |
0 |
| 952 ## - LOCATION AND ITEM INFORMATION (KOHA) |
| Withdrawn status [LOCAL, KOHA] |
0 |
| 952 ## - LOCATION AND ITEM INFORMATION (KOHA) |
| Withdrawn status [LOCAL, KOHA] |
0 |